Biblioteca ESET

Cuentos Clasificados 0 (Registro nro. 1366)

Detalles MARC
000 -CABECERA
fixed length control field 00665nam a22002297a 4500
003 - CONTROL NUMBER IDENTIFIER
control field AR-BeUNQ
005 - FECHA Y HORA DE LA ULTIMA TRANSACCION
control field 20250923200920.0
008 - ELEMENTOS DE LONGITUD FIJA-INFORMACION GENERAL
fixed length control field 250923b |||||||| |||| 00| 0 spa d
020 ## - NUMERO INTERNACIONAL NORMALIZADO PARA LIBROS
Número Internacional Normalizado del libro 9789507530364
040 ## - FUENTE DE CATALOGACION
Agencia de catalogación original AR-BeUNQ
Idioma de catalogación ESPAÑOL
Agencia que realiza la transcripción AR-BeUNQ
Convenciones de la descripción aacr
082 ## - NUMERO DE CLASIFICACION DECIMAL DEWEYMBER
Número de la edición 21
Número de clasificación 863 CUE
245 1# - MENCION DE TITULO
Título Cuentos Clasificados 0
Mención de responsabilidad, etc Eduado Galeano,..[et.al].
Medio físico Libro.
250 ## - MENCION DE EDICION
Mención de edición 1a.ed
260 ## - PUBLICACION, DISTRIBUCION, ETC.
Lugar de publicación, distribución, etc. Buenos Aires :
Nombre del editor, distribuidor, etc. Cántaro,
Fecha de publicación, distribución, etc 2007.
300 ## - DESCRIPCION FISICA
Extensión 128 p. ;
Dimensiones 18 cm
490 ## - MENCION DE SERIE
Mención de serie Del Mirador,
Designación numérica/secuencial del volumen 116
650 ## - ASIENTO SECUNDARIO DE MATERIA - TERMINO TEMATICO
Fuente del encabezamiento o términ tell.
Término temático o nombre geográfico como elemento de entrada Narrativa
651 ## - ASIENTO SECUNDARIO DE MATERIA - NOMBRE GEOGRAFICO
Fuente del encabezamiento o término unescot.
Nombre geográfico Argentina.
830 ## - ASIENTO SECUNDARIO DE SERIE--TITULO UNIFORME
Designación numérica/secuencial del volumen Del Mirador
929 ## - DATOS DE ADQUISICION
Procedencia DONACION
Proveedor Biblioteca Sarmiento
Orden de compra 0
Precio 0
Fecha de recibido 2022
Patrimonio UNQ 0083084
Número de inventario 63552
942 ## - ELEMENTOS DE PUNTO DE ACCESO ADICIONAL (KOHA)
Tipo de ítem Koha Libros
Existencias
Estado de retiro Estado de pérdida Ubicación permanente Ubicación actual Ubicación en estantería Fecha de ingreso Numeración serial Total Checkouts Signatura topográfica completa Inventario Date last seen Tipo de ítem Koha Operador
    Biblioteca ESET - UNQ Biblioteca ESET - UNQ CIRCULACION 23/09/2025 116   863 CUE 63552 23/09/2025 Libros Gladys Alarcon

ESET UNQ

☏ 4365-7188
 Avenida República de Francia 1714 entre Doctor Kenny y Concordia, Ezpeleta, Bs As.
✉ secretaria_eset@unq.edu.ar

Con tecnología Koha